Statistics for Countries with Earliest First Sex

Click here to take the quiz!

General Stats

  • This quiz has been taken 773 times
  • The average score is 10 of 16

Answer Stats

HintAnswer% Correct
16.9United States
94%
16.6United Kingdom
89%
15.9Germany
79%
17.0Canada
75%
16.1Sweden
74%
16.5Norway
72%
16.6Finland
67%
16.1Denmark
66%
16.8Australia
61%
16.6Netherlands
61%
15.6Iceland
59%
16.5Austria
52%
16.4New Zealand
47%
16.9Portugal
44%
16.9Bulgaria
14%
16.7Israel
13%

Score Distribution

Percentile by Number Answered

Percent of People with Each Score

Your Score History

You have not taken this quiz